Picture Click Quiz - Harry Potter Characters #3 - Statistics

General Stats
  • This quiz has been taken 507 times
  • The average score is 24 of 30
Answer Stats
Hint Answer % Correct
Hermione Grander
Panic
94%
Nearly Headless Nick
Sleepy
91%
Argus Filch
Meeko
89%
Dolores Umbridge
Olaf
89%
Tom Riddle
Eeyore
88%
Parvati Patil
Pascal
88%
Ginny Weasley
Flounder
88%
Viktor Krum
Flit
88%
Barty Crouch Jr.
Pegasus
87%
Dudley Dursley
Dopey
87%
Ron Weasley
Bashful
87%
Percy Weasley
Baloo
85%
Quirinus Quirrell
Genie
85%
Fawkes
Sven
84%
Molly Weasley
Bruni
83%
Sybill Trelawney
Tantor
82%
Olympe Maxime
Terk
79%
Oliver Wood
Merryweather
79%
Seamus Finnigan
Jiminy Cricket
78%
Mrs. Norris
Louis
77%
Cormac McLaggen
Gus
74%
Bathilda Bagshot
Thumper
73%
Trevor
Pleakly
71%
Poppy Pomfrey
Mrs. Potts
71%
Susan Bones
Tinkerbell
68%
Katie Bell
Heihei
67%
Nigel Wolpert
Fauna
65%
Madam Rosmerta
Bagheera
56%
Mafalda Hopkirk
Maximus
50%
Leanne
Ray
48%
No matching quizzes found
Score Distribution
Percent of People with Each Score
Percentile by Number Answered
Your Score History
You have not taken this quiz